Normal view
MARC view
- فيزياء-مقايس
Entry Topical Term
001 - CONTROL NUMBER
- control field: 19431
003 - CONTROL NUMBER IDENTIFIER
- control field: JO-AjAnu
005 - DATE AND TIME OF LATEST TRANSACTION
- control field: 20230606073409.0
008 - FIXED-LENGTH DATA ELEMENTS
- fixed length control field: 230606|| aca||aabn | a|a d
040 ## - CATALOGING SOURCE
- Original cataloging agency: JO-AjAnu
- Transcribing agency: JO-AjAnu
150 ## - HEADING--TOPICAL TERM
- Topical term or geographic name entry element: فيزياء-مقايس
670 ## - SOURCE DATA FOUND
- Source citation: Work cat.: (JO-AjAnu)9979: شريف ، ابراهيم ابراهيم, author 19430, الوحدات الدولية SI جداول التحويل -الثوابت الفيزيائيه